Znane imiona #2 - Statystyki

Ogólne statystyki
  • Ten quiz został rozwiązany 1 563 razy
  • Średni wynik to 8 z 14
Statystyki odpowiedzi
Imię Nazwy rodzinne % Poprawnych
Fryderyk Chopin, Skarbek, II Wielki
94%
Justin Trudeau, Bieber, Timberlake
89%
Anna Wyszkoni, Kurnikowa, Przybylska
87%
David Hasselhoff, Bowie, Beckham
86%
Marek Hłasko, Kondrat, Grechuta
86%
Sandra Nasić, Bullock, Kubicka, Drabik
70%
Vincent Cassel, van Gogh, Price
70%
Nicolas Sarkozy, Maduro, Cage
61%
Ada Fijał, Szulc, Lovelace, Wójcik
43%
Catherine Deneuve, Zeta-Jones, Oxenberg
33%
Audrey Tautou, Hepburn, Niffenegger
30%
Gustav Mahler, Klimt, Wied
13%
Doris Dragović, Day, Lessing
9%
Jean Sibelius, Cocteau, Harlow
6%
Nie znaleziono quizów pasujących do podanych kryteriów
Rozkład punktacji
Procent ludzi z każdym wynikiem
Percentyl według liczby udzielonych odpowiedzi
Twoja historia wyników
Nie rozwiązałeś tego quizu